MARC

LEADER 00000nam0a2200000 4500
001 291159
005 20231102000347.0
020 |a RU  |b 83-84031 
035 |a (RuTPU)RU\TPU\book\315724 
090 |a 291159 
100 |a 20150411d1983 k y0rusy5003 ca 
101 0 |a rus 
102 |a UA 
105 |a a z 001zy 
200 1 |a Теория и практика разрушения горных пород  |e сборник научных трудов  |f Академия наук Украинской ССР (АН УССР), Институт геотехнической механики (ИГМ) 
210 |a Киев  |c Наукова думка  |d 1983 
215 |a 148 с.  |c ил.  |d 20 см 
320 |a Библиография в конце статей 
606 1 |a Горные породы  |x Разрушение при добыче  |x Интенсификация  |2 stltpush  |3 (RuTPU)RU\TPU\subj\8052  |9 35544 
610 1 |a теоретические исследования 
610 1 |a экспериментальные исследования 
610 1 |a промышленные исследования 
610 1 |a механическое разрушение 
610 1 |a уголь 
610 1 |a разрушаемость 
610 1 |a буровзрывные работы 
610 1 |a расчет 
675 |a 622.236  |z rus  |v 4 
712 0 2 |a Академия наук Украинской ССР (АН УССР)  |b Институт геотехнической механики (ИГМ)  |2 stltpush  |3 (RuTPU)RU\TPU\col\11530 
801 0 |a RU  |b RuMRKP  |c 19950704  |g psbo 
801 1 |a RU  |b 63413507  |c 20150411 
801 2 |a RU  |b 63413507  |c 20181225  |g RCR 
942 |c BK